000
00306nam a22001337a 4500
008
171102b xxu||||| |||| 00| 0 eng d
020
_a
9780847691555
041
_a
eng
080
_a
339.9
100
_a
59
101
_a
GLO
245
_a
GLOBALIZATION AND GLOBAL GONVERNMET
_c
RAIMO.V
942
_2
udc
_c
BK
999
_c
37161
_d
37161